| 000 | 00818nam a22002057a 4500 | ||
|---|---|---|---|
| 003 | 0 | ||
| 005 | 20250207135611.0 | ||
| 008 | 250207b xxu||||| |||| 00| 0 eng d | ||
| 050 |
_aRA 427.9 _b.Aq68 2024 |
||
| 100 | _aAquino, Aldrich Clyde Q. | ||
| 245 |
_aMobile medication _btracker application for improved health outcomes. _cAldrich Clyde Q. Aquino |
||
| 260 |
_aLas Pinas City _bSouthville International School and Colleges _c2024 |
||
| 300 |
_axvi, 216 pages: _bcolored pictures and illustration; _c28cm. |
||
| 500 | _aBachelor of Science in Information Technology. | ||
| 504 | _aIncludes bibliographical references and appendices. | ||
| 650 | _aMobile health applications. | ||
| 650 | _aHealth informatics—Technology applications. | ||
| 650 | _aPatient monitoring—Mobile solutions. | ||
| 942 |
_2lcc _cTH |
||
| 999 |
_c367156 _d367156 |
||